| 000 | 00438nam a2200109Ia 4500 | ||
|---|---|---|---|
| 008 | 171204s9999 xx 000 0 und d | ||
| 245 | _aPolicing And Media: Public Relations, Simulations And Communications: (New Directions in Critical Criminology) | ||
| 245 | _cAlyce McGovern and Murray Lee | ||
| 260 | _c2013 | ||
| 650 | _xADVANCED JOURNALISTIC WRITING & PUBLICATION | ||
| 856 | _uhttp://down.ebook777.com/026/PolAndMedPubRelSimAndCom.pdf | ||
| 999 |
_c346017 _d346017 |
||